| 000 | 00663nam a22002057a 4500 | ||
|---|---|---|---|
| 999 |
_c10698 _d10698 |
||
| 003 | AR-CdUCM | ||
| 008 | 190401b ||||| |||| 00| 0 spa d | ||
| 040 |
_aMUNICIPALIDAD PROVINCIAL DEL CUSCO _cBIBLIOTECA MUNICIPAL DEL CUSCO |
||
| 082 |
_aES / 800 / _bV53 |
||
| 100 |
_aVerne, Julio _910153 |
||
| 245 | _aLos hijos del capitán Grant / | ||
| 260 |
_aLima : _bFondo editorial navarrete, |
||
| 300 |
_a128 paginas ; _c14 cm. |
||
| 440 |
_aSerie descubrimiento literario. _927685 |
||
| 505 | _aContenido :Los hijos del capitán Grant. | ||
| 650 |
_aLiteratura peruana _9169 |
||
| 650 |
_aLiteratura contemporánea _9759 |
||
| 942 |
_2ddc _cLIBROS |
||
| 945 | _arum | ||